Hodnotenie dopadu finančnej krízy štatistickými mierami diplomová práca

Gespeichert in:
Bibliographische Detailangaben
1. Verfasser: Brezovický, Marcel
Körperschaft: Fakulta hospodárskej informatiky EU. Katedra štatistiky
Weitere Verfasser: Sipková, Ľubica, 1962-
Format: Buch
Sprache:Slowakisch
Veröffentlicht: Bratislava 2010
Tags: Tag hinzufügen
Keine Tags, Fügen Sie das erste Tag hinzu!

MARC

LEADER 00000nam$a2200000$$$4500
001 0118820
005 20240318122217.9
041 0 |a slo 
044 |a SK 
245 1 0 |a Hodnotenie dopadu finančnej krízy štatistickými mierami  |b diplomová práca  |c Marcel Brezovický ; škol. Ľubica Sipková 
264 1 |a Bratislava  |c 2010 
300 |a 66 s. 
100 1 |a Brezovický, Marcel 
700 1 |a Sipková, Ľubica, 1962- 
710 2 |a Fakulta hospodárskej informatiky EU. Katedra štatistiky